000
00282nam a22001337a 4500
008
210322b ||||| |||| 00| 0 eng d
041
_a
eng
080
_a
591
082
_a
591
100
_a
7
101
_a
ZOO
245
_a
Quantitative Zoology
_c
Simpson, G. G
942
_2
udc
_c
BK
999
_c
56635
_d
56635